| Tag |
First Indicator |
Second Indicator |
Subfields |
| LEADER |
00000cam a2200000 a 4500 |
| 001 |
in00000009692 |
| 005 |
20151007051636.0 |
| 008 |
870730s1987 azu rb 00110 eng |
| 010 |
|
|
|a 87022053
|
| 020 |
|
|
|a 0897743261 (pbk.) :
|c $37.50
|
| 035 |
|
|
|a (OCoLC)16466884
|
| 035 |
|
|
|9 AAA4066AM
|
| 040 |
|
|
|a DLC
|c DLC
|d OCL
|d TXA
|d UtOrBLW
|
| 043 |
|
|
|a n-us---
|a cl-----
|a cc-----
|
| 049 |
|
|
|a TXAM
|c [A11034425]
|
| 050 |
0 |
0 |
|a F1409.95.U6
|b C36 1987
|
| 082 |
0 |
|
|a 001.4/4/09729
|2 19
|
| 100 |
1 |
|
|a Cantrell, Karen.
|
| 245 |
1 |
0 |
|a Funding for research, study, and travel :
|b Latin America and the Caribbean /
|c edited by Karen Cantrell and Denise Wallen.
|
| 264 |
|
1 |
|a Phoenix, Ariz. :
|b Oryx Press,
|c 1987.
|
| 300 |
|
|
|a xiii, 301 pages ;
|c 23 cm.
|
| 336 |
|
|
|a text
|b txt
|2 rdacontent
|
| 337 |
|
|
|a unmediated
|b n
|2 rdamedia
|
| 338 |
|
|
|a volume
|b nc
|2 rdacarrier
|
| 504 |
|
|
|a Bibliography: pages [295]-301.
|
| 500 |
|
|
|a Includes index.
|
| 651 |
|
0 |
|a Latin America
|x Study and teaching
|x Research grants
|z United States
|x Directories.
|
| 650 |
|
0 |
|a Research grants
|z United States
|v Directories.
|
| 651 |
|
0 |
|a Latin America
|x Study and teaching
|x Scholarships, fellowships, etc.
|z United States
|x Directories.
|
| 650 |
|
0 |
|a Scholarships
|z United States
|v Directories.
|
| 650 |
|
0 |
|a Exchange of persons programs, American
|z Latin America
|x Directories.
|
| 650 |
|
0 |
|a Exchange of persons programs, Latin American
|z United States
|x Directories.
|
| 700 |
1 |
|
|a Wallen, Denise.
|
| 999 |
|
|
|a MARS
|
| 999 |
f |
f |
|s 75217dab-0375-378c-bad0-ce22165fafb3
|i 43e6a0d0-d870-3841-91b0-e8b7c9d0b97f
|t 0
|
| 952 |
f |
f |
|p ric
|a Texas A&M University
|b Rellis Campus
|c Joint Library Facility
|d Remote Storage
|t 0
|e F1409.95.U6 C36 1987
|h Library of Congress classification
|i unmediated -- volume
|m A14811034425
|
| 998 |
f |
f |
|a F1409.95.U6 C36 1987
|t 0
|l Remote Storage
|